| 000 | 00000nam##2200000za#4500 |
| 001 | 9.684120 |
| 003 | CaOODSP |
| 005 | 20210615134008 |
| 007 | ta |
| 008 | 150407|2008||||xxc||||| f|0| 0 fre|d |
| 020 | |a978-0-662-08145-6 |
| 040 | |aCaOODSP|bfre |
| 043 | |an-cn--- |
| 086 | 1 |aHS25-5/2006F |
| 110 | 1 |aCanada. |bRessources humaines et développement social Canada. |
| 245 | 10|aÉtat consolidé des frais administratifs imputés au compte du Régime de pensions du Canada par Développement social Canada pour l'exercice se terminant le 31 mars 2006 (en milliers de dollars) |
| 260 | |aOttawa - Ontario : |bRessources humaines et Développement social Canada |c2007. |
| 300 | |a13p. : |btableaux ; |c28 cm. |
| 500 | |aProjet N° : 6510/06 |
| 563 | |aPolycopié |
| 590 | |a08-21|b2008-05-23 |
| 691 | 07|aPension publique|2gcpds |
| 775 | 08|tConsolidated statement of administrative costs charged to the Canada Pension Plan account by Social Development Canada and Service Canada March 31, 2006 (in thousands of dollars) |w(CaOODSP)9.651066 |
| 776 | 0#|tÉtat consolidé des frais administratifs imputés au compte du Régime de pensions du Canada par Dévelopment social Canada pour l'exercice se terminant le 31 mars 2006 (en milliers de dollars) |w(CaOODSP)9.635009 |
| 986 | |aSP-834-05-07F |